Diễn biến của hình thức song thất lục bát : Kính tặng hương hồn thầy Hoàng Xuân Hãn /
Сохранить в:
| Главный автор: | |
|---|---|
| Формат: | Статья |
| Язык: | Vietnamese |
| Предметы: | |
| Метки: |
Добавить метку
Нет меток, Требуется 1-ая метка записи!
|
| Thư viện lưu trữ: | Thư viện Trường Đại học Đà Lạt |
|---|
| LEADER | 00800nam a2200265 4500 | ||
|---|---|---|---|
| 001 | DLU090074182 | ||
| 005 | ##20090525 | ||
| 040 | # | # | |a DLU |b vie |
| 041 | # | # | |a vie |
| 044 | # | # | |a vn |
| 100 | # | # | |a Phan Ngọc, |c PGS. |
| 245 | # | # | |a Diễn biến của hình thức song thất lục bát : |b Kính tặng hương hồn thầy Hoàng Xuân Hãn / |c Phan Ngọc. |
| 653 | # | # | |a Nghệ thuật thơ |
| 653 | # | # | |a Thơ lục bát |
| 653 | # | # | |a Thi pháp |
| 773 | # | # | |t Tạp chí văn học |g Số 12, 1998, tr.23-34 |
| 920 | # | # | |a Phòng Tạp chí -- Trung tâm Thông tin - Thư viện Trường Đại học Đà Lạt |
| 994 | # | # | |a DLU |
| 900 | # | # | |a True |
| 911 | # | # | |a Nguyễn Thị Linh Chi |
| 925 | # | # | |a G |
| 926 | # | # | |a A |
| 927 | # | # | |a BB |
| 980 | # | # | |a Thư viện Trường Đại học Đà Lạt |